[Event "4NCL 3 South pool B"]
[Site "Reading, ENG"]
[Date "2017.01.15"]
[Round "4.75"]
[White "Peck, Silas"]
[Black "Donaghay, Richard H"]
[Result "1-0"]
[WhiteElo "2020"]
[BlackElo "1889"]
[PlyCount "81"]
[EventDate "2017.01.15"]
[WhiteTeam "Anglian Avengers 2"]
[BlackTeam "Iceni 1"]

1. e4 d6 2. d4 Nf6 3. Nc3 g6 4. Bg5 c6 5. Qd2 b5 6. Bd3 h6 7. Bh4 g5 8. Bg3 Nh5
9. Nf3 Bg7 10. Ne2 Nxg3 11. hxg3 g4 12. Nh4 e6 13. f4 Nd7 14. O-O-O Qb6 15. e5
dxe5 16. fxe5 Bb7 17. Be4 O-O-O 18. Qf4 Rhf8 19. Qxg4 Bxe5 20. Qh5 Bg7 21. Bd3
Nf6 22. Qe5 Rd5 23. Qe3 Ng4 24. Qf3 h5 25. c3 c5 26. Be4 cxd4 27. cxd4 Rd7 28.
Kb1 Bxe4+ 29. Qxe4 Nf2 30. Qa8+ Kc7 31. Rc1+ Kd6 32. Qf3 Nxh1 33. Rxh1 Qc6 34.
Qa3+ Kd5 35. Nf4+ Kxd4 36. Rd1+ Ke5 37. Rxd7 Qxd7 38. Qc3+ Qd4 39. Nf3+ Ke4 40.
Qc2+ Ke3 41. Qe2# 1-0

[Event "4NCL 3 South pool B"]
[Site "Reading, ENG"]
[Date "2017.01.15"]
[Round "4.76"]
[White "Pott, Laurie"]
[Black "Burnett, Leon P"]
[Result "1/2-1/2"]
[WhiteElo "1773"]
[BlackElo "1982"]
[PlyCount "41"]
[EventDate "2017.01.15"]
[WhiteTeam "Iceni 1"]
[BlackTeam "Anglian Avengers 2"]

1. d4 Nf6 2. Bf4 e6 3. e3 b6 4. Nf3 Bb7 5. Be2 Be7 6. h3 O-O 7. O-O c5 8. c3 d6
9. Nbd2 Nbd7 10. a4 Rc8 11. a5 d5 12. axb6 axb6 13. Bb5 Ra8 14. Ra4 Qc8 15. Qb3
Bc6 16. Bxc6 Qxc6 17. Rfa1 Rfc8 18. Ra7 Rxa7 19. Rxa7 Ra8 20. Qa2 Rxa7 21. Qxa7
1/2-1/2

[Event "4NCL 3 South pool B"]
[Site "Reading, ENG"]
[Date "2017.01.15"]
[Round "4.81"]
[White "Hall, John"]
[Black "Gooding, Ian"]
[Result "1-0"]
[WhiteElo "2200"]
[BlackElo "2054"]
[PlyCount "93"]
[EventDate "2017.01.15"]
[WhiteTeam "Leeds University Old Boys"]
[BlackTeam "Cambridge University 2"]

1. e4 e6 2. d4 d5 3. Nc3 Bb4 4. e5 c5 5. a3 Bxc3+ 6. bxc3 Ne7 7. a4 Nbc6 8. Nf3
Qa5 9. Bd2 Bd7 10. Be2 O-O-O 11. O-O f6 12. c4 Qc7 13. exf6 gxf6 14. cxd5 Nxd5
15. dxc5 e5 16. c3 Rhg8 17. Qc2 Bg4 18. Rfe1 Kb8 19. Nh4 Bxe2 20. Rxe2 Rg4 21.
Nf5 Nf4 22. Bxf4 Rxf4 23. Ne3 Rh4 24. g3 Rh5 25. Qe4 Qa5 26. Rb1 Qxc5 27. Qf3
Rh6 28. Ng4 Rg6 29. Nxf6 Qc4 30. Ne4 Qxa4 31. Nc5 Qf4 32. Qxf4 exf4 33. Nxb7
Rf8 34. Nc5+ Kc8 35. Reb2 fxg3 36. hxg3 Rf3 37. Ne4 h5 38. Kg2 Rd3 39. Rh1 Rh6
40. Rb5 Re6 41. Rh4 a5 42. Rbxh5 Re7 43. Rc5 Kb7 44. Rc4 Rd1 45. Rh6 Ne5 46.
Nc5+ Ka7 47. Ra4 1-0

[Event "4NCL 3 South pool B"]
[Site "Reading, ENG"]
[Date "2017.01.15"]
[Round "4.82"]
[White "Robertson, J Stuart"]
[Black "Pickard, Charles"]
[Result "0-1"]
[WhiteElo "2106"]
[BlackElo "2215"]
[PlyCount "56"]
[EventDate "2017.01.15"]
[WhiteTeam "Cambridge University 2"]
[BlackTeam "Leeds University Old Boys"]

1. d4 d5 2. c4 e6 3. Nf3 c5 4. cxd5 exd5 5. g3 Nc6 6. Nc3 Nf6 7. Bg2 Bg4 8.
dxc5 Bxc5 9. O-O d4 10. Na4 Be7 11. Qd3 O-O 12. Qb5 Qd7 13. b3 Rad8 14. Nc5
Bxc5 15. Qxc5 Rfe8 16. Qc4 Ne4 17. a3 Nc3 18. Bb2 Be6 19. Qd3 Bf5 20. Qc4 Nxe2+
21. Kh1 d3 22. Rad1 Qe6 23. Ne1 Qxc4 24. bxc4 Na5 25. Bd5 b5 26. Nxd3 bxc4 27.
Ne5 Rxd5 28. Rxd5 Be4+ 0-1

[Event "4NCL 3 South pool B"]
[Site "Reading, ENG"]
[Date "2017.01.15"]
[Round "4.83"]
[White "McGann, Gary"]
[Black "Chan, Nevil"]
[Result "1/2-1/2"]
[WhiteElo "2109"]
[BlackElo "2032"]
[PlyCount "43"]
[EventDate "2017.01.15"]
[WhiteTeam "Leeds University Old Boys"]
[BlackTeam "Cambridge University 2"]

1. c4 Nc6 2. Nc3 e5 3. g3 Bc5 4. Bg2 a6 5. e3 Nf6 6. a3 d6 7. Nge2 O-O 8. d4
Ba7 9. h3 Rb8 10. O-O Bd7 11. b4 Ne7 12. Bb2 Bc6 13. e4 Bd7 14. dxe5 dxe5 15.
c5 b6 16. cxb6 Bxb6 17. Qc2 Qc8 18. Kh2 c5 19. Rac1 cxb4 20. axb4 Ng6 21. f4
Be3 22. Rcd1 1/2-1/2

[Event "4NCL 3 South pool B"]
[Site "Reading, ENG"]
[Date "2017.01.15"]
[Round "4.84"]
[White "Stanisz, Patryk"]
[Black "Deighton, Simon"]
[Result "1/2-1/2"]
[WhiteElo "2077"]
[BlackElo "2027"]
[PlyCount "116"]
[EventDate "2017.01.15"]
[WhiteTeam "Cambridge University 2"]
[BlackTeam "Leeds University Old Boys"]

1. d4 Nf6 2. c4 g6 3. Nc3 Bg7 4. e4 d6 5. Bd3 O-O 6. Nge2 Nc6 7. O-O e5 8. d5
Nd4 9. Nxd4 exd4 10. Nb5 Ne8 11. b4 a5 12. Qa4 Bd7 13. c5 c6 14. dxc6 Bxc6 15.
Qb3 axb4 16. Qxb4 dxc5 17. Qxc5 Nc7 18. Nxc7 Qxc7 19. Bd2 Rfe8 20. f4 Qe7 21.
Qxe7 Rxe7 22. Bb4 Ree8 23. e5 Bf8 24. a3 Ra4 25. Rab1 Bxb4 26. axb4 Ra2 27. Rf2
Rea8 28. Bc4 Ra1 29. Rff1 Rxb1 30. Rxb1 Ra4 31. Kf2 Kg7 32. Rb2 Be4 33. Ba2 Ra3
34. Bb1 Bxb1 35. Rxb1 Ra2+ 36. Kf3 d3 37. Rd1 Rb2 38. Rxd3 Rxb4 39. Rd7 Kg8 40.
Kg4 h6 41. h4 Rb2 42. g3 Rb3 43. h5 gxh5+ 44. Kxh5 Rxg3 45. Kxh6 Rg6+ 46. Kh5
b6 47. Rb7 Re6 48. Kg5 Rg6+ 49. Kf5 Rc6 50. Kg4 f6 51. Kf5 fxe5 52. fxe5 Kf8
53. Ke4 Ke8 54. Kd5 Rh6 55. e6 Rh1 56. Rxb6 Rd1+ 57. Kc6 Rc1+ 58. Kb7 Ke7
1/2-1/2

[Event "4NCL 3 South pool B"]
[Site "Reading, ENG"]
[Date "2017.01.15"]
[Round "4.85"]
[White "Taylor, Mark V"]
[Black "Starley, Robert"]
[Result "1/2-1/2"]
[WhiteElo "2003"]
[BlackElo "2109"]
[PlyCount "87"]
[EventDate "2017.01.15"]
[WhiteTeam "Leeds University Old Boys"]
[BlackTeam "Cambridge University 2"]

1. d4 Nf6 2. c4 e6 3. Nf3 Bb4+ 4. Bd2 Qe7 5. g3 O-O 6. Bg2 d5 7. O-O Ne4 8. a3
Bxd2 9. Nbxd2 f5 10. Qc2 c6 11. b4 Bd7 12. Rab1 Be8 13. a4 Bg6 14. Ne5 Bh5 15.
Ndf3 Nd7 16. b5 cxb5 17. Rxb5 Nd6 18. Nxd7 Qxd7 19. Ne5 Qe7 20. Rb3 dxc4 21.
Nxc4 Rac8 22. Rc3 Nxc4 23. Rxc4 Qd7 24. e3 Rxc4 25. Qxc4 Rc8 26. Qb3 b6 27. Re1
Bf7 28. Rd1 Rd8 29. Bf1 e5 30. Bc4 Bxc4 31. Qxc4+ Qd5 32. Rc1 exd4 33. exd4
Qxc4 34. Rxc4 Rd7 35. Kf1 Kf7 36. Ke2 Ke6 37. Kd3 Kd5 38. Rc8 g6 39. h4 Kd6 40.
Rf8 Rc7 41. h5 Ke6 42. hxg6 hxg6 43. Rg8 Kf6 44. Rf8+ 1/2-1/2

[Event "4NCL 3 South pool B"]
[Site "Reading, ENG"]
[Date "2017.01.15"]
[Round "4.86"]
[White "Nettleton, Charlie B"]
[Black "Harvey, John"]
[Result "1-0"]
[WhiteElo "1983"]
[BlackElo "1750"]
[PlyCount "59"]
[EventDate "2017.01.15"]
[WhiteTeam "Cambridge University 2"]
[BlackTeam "Leeds University Old Boys"]

1. d4 Nf6 2. Bg5 e6 3. e4 h6 4. Bxf6 Qxf6 5. c3 d5 6. Nd2 Bd7 7. Qb3 Bc6 8. e5
Qd8 9. Bd3 Be7 10. f4 O-O 11. Ne2 f5 12. exf6 Rxf6 13. Nf3 Bd6 14. Ne5 Bxe5 15.
dxe5 Rf8 16. O-O Nd7 17. Qb4 a5 18. Qd4 Qh4 19. a4 b6 20. Bc2 Nc5 21. Ng3 Rad8
22. f5 Qxd4+ 23. cxd4 Ne4 24. fxe6 Rfe8 25. Rf7 Rxe6 26. Rxc7 Nxg3 27. hxg3 Rd7
28. Rc8+ Kf7 29. Bf5 Re8 30. Rxc6 1-0

[Event "4NCL 3 South pool B"]
[Site "Telford, ENG"]
[Date "2017.02.11"]
[Round "5.51"]
[White "Britton, Richard L"]
[Black "Gooding, Ian"]
[Result "1-0"]
[WhiteElo "2157"]
[BlackElo "2034"]
[PlyCount "51"]
[EventDate "2017.02.11"]
[WhiteTeam "Hackney "]
[BlackTeam "Cambridge University 2"]

1. e4 e6 2. d4 d5 3. Nc3 Bb4 4. e5 c5 5. a3 Bxc3+ 6. bxc3 Ne7 7. h4 Nbc6 8. h5
Qa5 9. Bd2 Bd7 10. h6 gxh6 11. Nf3 O-O-O 12. Rxh6 Nf5 13. Rf6 Qc7 14. g4 Nfxd4
15. cxd4 Nxd4 16. c3 Nxf3+ 17. Rxf3 Qxe5+ 18. Qe2 Qg7 19. Qe3 d4 20. Qg5 Rhg8
21. Qxc5+ Bc6 22. cxd4 Rxd4 23. Rc1 Qxg4 24. Rxf7 Qe4+ 25. Be3 Ra4 26. Qd6 1-0

[Event "4NCL 3 South pool B"]
[Site "Telford, ENG"]
[Date "2017.02.11"]
[Round "5.52"]
[White "Blackie, Neville J"]
[Black "Chin, F."]
[Result "1-0"]
[WhiteElo "2103"]
[BlackElo "2122"]
[PlyCount "85"]
[EventDate "2017.02.11"]
[WhiteTeam "Cambridge University 2"]
[BlackTeam "Hackney "]

1. e4 e6 2. Qe2 c5 3. Nf3 Nc6 4. g3 g6 5. Bg2 Bg7 6. O-O Nge7 7. c3 b6 8. Rd1
Bb7 9. d4 cxd4 10. cxd4 d5 11. Nc3 O-O 12. Bg5 h6 13. Bxe7 Nxe7 14. e5 Qd7 15.
Rac1 Rfc8 16. Bf1 a6 17. b3 b5 18. Qe3 Nf5 19. Qf4 h5 20. h4 Qd8 21. b4 Bf8 22.
a3 Rc6 23. Na2 Rac8 24. Rxc6 Rxc6 25. Rc1 Bh6 26. Ng5 Qb6 27. Rc5 Bf8 28. Bd3
Bxc5 29. bxc5 Qd8 30. f3 Qe7 31. g4 Nxh4 32. Kf2 Bc8 33. Kg3 Nf5+ 34. gxf5 exf5
35. Nb4 Rxc5 36. dxc5 Qxc5 37. Kg2 Qc3 38. Qe3 Qxa3 39. Qc5 Bd7 40. e6 fxe6 41.
Qe7 Qb2+ 42. Kh3 Qg7 43. Qd8+ 1-0

[Event "4NCL 3 South pool B"]
[Site "Telford, ENG"]
[Date "2017.02.11"]
[Round "5.53"]
[White "Walker, Nicholas P"]
[Black "Chan, Nevil"]
[Result "1-0"]
[WhiteElo "2140"]
[BlackElo "2022"]
[PlyCount "81"]
[EventDate "2017.02.11"]
[WhiteTeam "Hackney "]
[BlackTeam "Cambridge University 2"]

1. c4 b6 2. Nc3 Bb7 3. e4 e6 4. Nf3 Bb4 5. Bd3 Bxc3 6. dxc3 d6 7. Bg5 f6 8. Bh4
e5 9. b4 Ne7 10. O-O Nd7 11. c5 bxc5 12. Qb3 Ng6 13. Rfd1 Qe7 14. Bg3 Bc6 15.
b5 Bb7 16. a4 c4 17. Qxc4 Nc5 18. Nh4 Nxh4 19. Bxh4 Bc8 20. f3 Be6 21. Qb4 O-O
22. Bc4 Rfb8 23. Bf2 Bxc4 24. Qxc4+ Ne6 25. a5 h6 26. Rd5 Kh7 27. Be3 Rc8 28.
Qd3 Nd8 29. c4 Nf7 30. c5 Qe8 31. Rc1 c6 32. bxc6 Rxc6 33. cxd6 Rxc1+ 34. Bxc1
Qd7 35. Be3 Rc8 36. h4 g6 37. Qa6 Ra8 38. Rc5 Qxd6 39. Qxd6 Nxd6 40. Rc7+ Kg8
41. Bxh6 1-0

[Event "4NCL 3 South pool B"]
[Site "Telford, ENG"]
[Date "2017.02.11"]
[Round "5.54"]
[White "Campbell, Mark C"]
[Black "Tasker, Michael W"]
[Result "1-0"]
[WhiteElo "1924"]
[BlackElo "2079"]
[PlyCount "165"]
[EventDate "2017.02.11"]
[WhiteTeam "Cambridge University 2"]
[BlackTeam "Hackney "]

1. e4 c5 2. Nf3 d6 3. d4 cxd4 4. Nxd4 Nf6 5. Nc3 Nc6 6. Be2 g6 7. Be3 Bg7 8.
O-O O-O 9. Qd2 Bd7 10. f4 Rc8 11. Nxc6 Bxc6 12. Bf3 Qc7 13. Rab1 a6 14. Rfe1 b5
15. a3 Qb7 16. Qd3 Rfd8 17. Nd5 Nxd5 18. exd5 Bd7 19. Be4 Rc4 20. f5 Rdc8 21.
fxg6 hxg6 22. c3 Be8 23. Rf1 a5 24. Bd2 Be5 25. Rbe1 Qa7+ 26. Kh1 b4 27. axb4
axb4 28. cxb4 Bxb2 29. Qf3 Bf6 30. Bd3 R4c7 31. b5 Qa3 32. Rb1 Rb7 33. Bb4 Qa4
34. Bxd6 Rd7 35. Bf4 Qd4 36. b6 Be5 37. Bxe5 Qxe5 38. Bb5 Qxd5 39. Bxd7 Qxd7
40. b7 Rb8 41. Rfd1 Qc6 42. Rdc1 Rxb7 43. Qxc6 Bxc6 44. Rxb7 Bxb7 45. Rc7 Bd5
46. Rxe7 Kg7 47. Kg1 Kf6 48. Ra7 Bb3 49. Kf2 Kg5 50. Ra5+ Kf6 51. Ke3 Bc4 52.
Kf4 Bd3 53. h4 Bc4 54. g3 Bd3 55. Rc5 Bf1 56. Rc6+ Kg7 57. Ke5 Be2 58. Kd6 Bd1
59. Rb6 Be2 60. Ke7 Bc4 61. Rb4 Ba2 62. Ra4 Bb3 63. Ra5 Bc4 64. h5 gxh5 65.
Rxh5 Kg6 66. Rc5 Be6 67. Ra5 Bc4 68. Ra8 Kg7 69. Ra4 Be6 70. Ra5 Kg6 71. Ra6
Kg5 72. Ra8 Kf5 73. Rg8 Ba2 74. Rg7 Bb3 75. g4+ Kf4 76. Kf6 Bd5 77. g5 Bb3 78.
Rg8 Bd5 79. Rd8 Ba2 80. Rd4+ Ke3 81. Ra4 Bd5 82. Ra5 Bc4 83. Ra7 1-0

[Event "4NCL 3 South pool B"]
[Site "Telford, ENG"]
[Date "2017.02.11"]
[Round "5.55"]
[White "Clancy, Martin J"]
[Black "Lim, Mark"]
[Result "0-1"]
[WhiteElo "1903"]
[BlackElo "1827"]
[PlyCount "68"]
[EventDate "2017.02.11"]
[WhiteTeam "Hackney "]
[BlackTeam "Cambridge University 2"]

1. e4 e6 2. d4 d5 3. Nd2 Nf6 4. e5 Nfd7 5. Bd3 c5 6. c3 Nc6 7. Ne2 cxd4 8. cxd4
f6 9. Nf4 Nxd4 10. Qh5+ Ke7 11. Ng6+ hxg6 12. exf6+ Nxf6 13. Qxh8 Kf7 14. Qh4
e5 15. Nf3 Nxf3+ 16. gxf3 Bf5 17. Bxf5 gxf5 18. O-O d4 19. Qg5 g6 20. Bd2 Qd5
21. Rac1 Bd6 22. Qg2 Rh8 23. Bg5 e4 24. fxe4 Nxe4 25. h4 d3 26. Rfd1 b6 27. Qf3
Qe5 28. Rxd3 Nxg5 29. Qb7+ Be7 30. Rc7 Qe1+ 31. Kg2 Qe4+ 32. f3 Qe2+ 33. Kg3
Ne4+ 34. Kh3 Qf1+ 0-1

[Event "4NCL 3 South pool B"]
[Site "Telford, ENG"]
[Date "2017.02.11"]
[Round "5.56"]
[White "Phillips, William"]
[Black "Burgoyne, Peter A"]
[Result "1/2-1/2"]
[WhiteElo "1861"]
[BlackElo "1680"]
[PlyCount "82"]
[EventDate "2017.02.11"]
[WhiteTeam "Cambridge University 2"]
[BlackTeam "Hackney "]

1. d4 Nf6 2. Nf3 c5 3. d5 d6 4. c4 g6 5. Nc3 Bg7 6. e4 O-O 7. Bd3 Nbd7 8. O-O
Ng4 9. Qc2 Nde5 {Neither scoresheet stipulates which knight moves - this could
be Nge5 or Nde5.} 10. Nxe5 Nxe5 11. Bd2 f5 12. f3 f4 13. Rab1 a5 14. Ne2 g5 15.
Bc3 Qe8 16. Nc1 Qh5 17. Be2 g4 18. fxg4 Bxg4 19. Bxe5 Bxe5 20. Bxg4 Qxg4 21.
Qe2 f3 22. Rxf3 Rxf3 23. Qxf3 Qg5 24. Ne2 Rf8 25. Qh3 Qf6 26. Qe6+ Qxe6 27.
dxe6 Rf6 28. b3 Rxe6 29. Kf2 Rf6+ 30. Ke3 Kg7 31. g3 Kh6 32. h3 Kg5 33. Rg1 e6
34. Rg2 Rh6 35. h4+ Kg4 36. Rf2 b6 37. Rf7 Rf6 38. Rxh7 Rf3+ 39. Kd2 Rf2 40.
Ke3 Rf3+ 41. Kd2 Rf2 1/2-1/2

[Event "4NCL 3 South pool B"]
[Site "Telford, ENG"]
[Date "2017.02.11"]
[Round "5.61"]
[White "Hurney, Kevin"]
[Black "Moore, Geoffrey R"]
[Result "1/2-1/2"]
[WhiteElo "2095"]
[BlackElo "2140"]
[PlyCount "54"]
[EventDate "2017.02.11"]
[WhiteTeam "Shropshire 1"]
[BlackTeam "Anglian Avengers 2"]

1. e4 e6 2. d4 d5 3. Nd2 Nf6 4. e5 Nfd7 5. Bd3 c5 6. c3 Nc6 7. Ne2 cxd4 8. cxd4
f6 9. exf6 Qxf6 10. Nf3 Bb4+ 11. Bd2 O-O 12. O-O e5 13. dxe5 Ndxe5 14. Nxe5
Qxe5 15. Bc3 Qg5 16. Bxb4 Nxb4 17. Bb1 Bg4 18. Kh1 Bxe2 19. Qxe2 Rae8 20. Qd1
Kh8 21. a3 Nc6 22. Qd3 Qh5 23. Bc2 Re4 24. Rae1 Rh4 25. Qg3 Rhf4 26. Qd3 Rh4
27. Qg3 Rhf4 1/2-1/2

[Event "4NCL 3 South pool B"]
[Site "Telford, ENG"]
[Date "2017.02.11"]
[Round "5.62"]
[White "Moore, Graham J"]
[Black "Whyte, Brian G"]
[Result "1-0"]
[WhiteElo "2106"]
[BlackElo "2065"]
[PlyCount "143"]
[EventDate "2017.02.11"]
[WhiteTeam "Anglian Avengers 2"]
[BlackTeam "Shropshire 1"]

1. e4 e6 2. d4 d5 3. Nc3 dxe4 4. Nxe4 Bd7 5. Nf3 Bc6 6. Bd3 Nd7 7. Qe2 Ngf6 8.
Bg5 Be7 9. O-O-O Nxe4 10. Bxe7 Qxe7 11. Bxe4 Bxe4 12. Qxe4 O-O-O 13. Rhe1 Nf6
14. Qe2 c6 15. Ne5 Nd7 16. Nc4 Nb6 17. Nxb6+ axb6 18. Qe4 Qd6 19. Qg4 h5 20.
Qf3 Rd7 21. Re5 g6 22. Rd3 Rhd8 23. Qe3 Qc7 24. h4 Rd5 25. f4 b5 26. a3 R8d7
27. g3 Qb6 28. Rxd5 Rxd5 29. c3 Qd8 30. Rd2 Rf5 31. Qe4 Qd5 32. Qxd5 Rxd5 33.
b3 Kd7 34. Kb2 c5 35. Kc2 c4 36. Re2 Kc6 37. Re1 Rd8 38. Kb2 Rd5 39. Rb1 Rd8
40. bxc4 bxc4 41. a4 Kd5 42. Re1 Kc6 43. Ka3 Ra8 44. Re5 b6 45. Kb4 Ra7 46. a5
Ra6 47. Rb5 bxa5+ 48. Rxa5 Rb6+ 49. Kxc4 Rb7 50. d5+ exd5+ 51. Rxd5 Rb2 52. f5
Ra2 53. fxg6 fxg6 54. Rg5 Ra4+ 55. Kd3 Ra1 56. Rxg6+ Kd7 57. c4 Rd1+ 58. Ke4
Rc1 59. Kd5 Rd1+ 60. Kc5 Rd3 61. Rg7+ Kd8 62. Kc6 Rc3 63. c5 Rb3 64. Rg5 Rc3
65. Rxh5 Rxg3 66. Rd5+ Ke7 67. Rh5 Rb3 68. Kc7 Rc3 69. c6 Ke6 70. Kb7 Kd6 71.
Rh6+ Ke7 72. c7 1-0

[Event "4NCL 3 South pool B"]
[Site "Telford, ENG"]
[Date "2017.02.11"]
[Round "5.63"]
[White "Bryant, Richard B E"]
[Black "Wallis, Ian J"]
[Result "1/2-1/2"]
[WhiteElo "2072"]
[BlackElo "2110"]
[PlyCount "56"]
[EventDate "2017.02.11"]
[WhiteTeam "Shropshire 1"]
[BlackTeam "Anglian Avengers 2"]

1. e4 e5 2. Nf3 Nc6 3. d4 exd4 4. Nxd4 Nf6 5. Nxc6 bxc6 6. Qe2 d6 7. Nc3 Be7 8.
Be3 O-O 9. h3 a5 10. f4 Ba6 11. Qf3 Bxf1 12. Rxf1 Qb8 13. Rb1 Qb4 14. a3 Qc4
15. Rd1 Rab8 16. Rd4 Qa6 17. Bc1 d5 18. e5 Rfe8 19. Ra4 Nd7 20. b4 Nb6 21. Rxa5
Qb7 22. Be3 Ra8 23. Rxa8 Qxa8 24. Bc1 Nc4 25. Nb1 f6 26. e6 f5 27. Nd2 Nd6 28.
Bb2 Bh4+ 1/2-1/2

[Event "4NCL 3 South pool B"]
[Site "Telford, ENG"]
[Date "2017.02.11"]
[Round "5.64"]
[White "Gregory, Stephen J"]
[Black "Paul, Nathanael"]
[Result "0-1"]
[WhiteElo "2095"]
[BlackElo "2012"]
[PlyCount "138"]
[EventDate "2017.02.11"]
[WhiteTeam "Anglian Avengers 2"]
[BlackTeam "Shropshire 1"]

1. e4 c6 2. d4 d5 3. Nc3 dxe4 4. Nxe4 Bf5 5. Ng3 Bg6 6. Nf3 Nd7 7. Be2 Ngf6 8.
O-O e6 9. c4 Be7 10. Bd2 O-O 11. Bc3 Qc7 12. Re1 Rfe8 13. b4 Rad8 14. Qb3 Bd6
15. Rad1 Bf4 16. Bd3 Ng4 17. Bxg6 hxg6 18. Bd2 Ndf6 19. Qc2 e5 20. Bxf4 exf4
21. Nf1 Qd7 22. h3 Nh6 23. N1d2 Qf5 24. Qxf5 Nxf5 25. Nb3 Ne4 26. Rc1 f6 27.
Red1 Re7 28. a4 a6 29. Kf1 g5 30. b5 axb5 31. axb5 cxb5 32. cxb5 Rd5 33. Rc8+
Kh7 34. b6 Rd6 35. Rc7 Rxb6 36. Rxe7 Nxe7 37. Nc5 Nc3 38. Rc1 Ncd5 39. Nd2 Rc6
40. Nd3 Kg6 41. g4 fxg3 42. fxg3 Rxc1+ 43. Nxc1 b5 44. Ncb3 f5 45. Ke2 Nc8 46.
Kf3 Nd6 47. g4 Kf6 48. Nc5 Nc4 49. Ndb3 g6 50. Nd7+ Ke7 51. Ndc5 Nf6 52. Nd3
Kd6 53. Nb4 Ne4 54. Ke2 Nb6 55. Nd3 Nd5 56. Kf3 Ne7 57. Ne5 Kd5 58. Ke3 Nd6 59.
Kd3 f4 60. Nf3 Ne4 61. Ne5 b4 62. Ke2 Nc6 63. Nxc6 Kxc6 64. Kf3 Kd5 65. h4 gxh4
66. Kxf4 g5+ 67. Kf3 Nf6 68. Nc5 Kxd4 69. Ne6+ Kd3 0-1

[Event "4NCL 3 South pool B"]
[Site "Telford, ENG"]
[Date "2017.02.11"]
[Round "5.65"]
[White "Bennion, David"]
[Black "Peck, Silas"]
[Result "0-1"]
[WhiteElo "1997"]
[BlackElo "2095"]
[PlyCount "92"]
[EventDate "2017.02.11"]
[WhiteTeam "Shropshire 1"]
[BlackTeam "Anglian Avengers 2"]

1. d4 d5 2. c4 e6 3. Nc3 Nf6 4. Bg5 Be7 5. e3 O-O 6. Bd3 c6 7. Nf3 Nbd7 8. cxd5
exd5 9. Ne5 Re8 10. Qf3 h6 11. h4 Nxe5 12. dxe5 Ng4 13. O-O-O Bxg5 14. hxg5
Nxe5 15. Qe2 Nxd3+ 16. Rxd3 Qxg5 17. Rd4 b5 18. g4 a5 19. Qf3 Ra7 20. Rh5 Qg6
21. g5 b4 22. Ne2 hxg5 23. Qh1 f5 24. Rh8+ Kf7 25. Rxe8 Kxe8 26. Qh8+ Kd7 27.
Qf8 Qf6 28. Qc5 Ra6 29. Ng3 Qd6 30. Qc2 g6 31. Rd1 Kc7 32. Rh1 Kb6 33. Rh6 Ra7
34. Qb3 f4 35. Ne2 Bf5 36. Nd4 Qc5+ 37. Kd2 fxe3+ 38. fxe3 Qc4 39. Qxc4 dxc4
40. Nxf5 gxf5 41. Rg6 f4 42. Rxg5 Rd7+ 43. Ke2 Re7 44. e4 Rxe4+ 45. Kf3 Rd4 46.
Re5 c5 0-1

[Event "4NCL 3 South pool B"]
[Site "Telford, ENG"]
[Date "2017.02.11"]
[Round "5.66"]
[White "Myall, Ivan J"]
[Black "Gostelow, David W"]
[Result "1/2-1/2"]
[WhiteElo "2057"]
[BlackElo "1930"]
[PlyCount "68"]
[EventDate "2017.02.11"]
[WhiteTeam "Anglian Avengers 2"]
[BlackTeam "Shropshire 1"]

1. e4 c5 2. c3 d5 3. exd5 Qxd5 4. d4 Nf6 5. Nf3 Bg4 6. Be2 e6 7. Be3 cxd4 8.
cxd4 Nc6 9. O-O Be7 10. Nc3 Qd6 11. h3 Bh5 12. a3 O-O 13. Qd2 Rac8 14. Rad1 Nd5
15. Ne4 Qc7 16. Bg5 Rfd8 17. Bxe7 Ndxe7 18. g4 Bg6 19. Nc3 Nd5 20. Nxd5 Rxd5
21. Qe3 Rcd8 22. Bc4 R5d6 23. Bb5 Ne7 24. Bd3 Qb6 25. Bxg6 hxg6 26. Rd2 Nc6 27.
Rfd1 Rd5 28. Qf4 Qa5 29. Qe3 R8d7 30. b4 Qd8 31. Kg2 a5 32. bxa5 Rxa5 33. Ne5
Nxe5 34. dxe5 Rad5 1/2-1/2

[Event "4NCL 3 South pool B"]
[Site "Telford, ENG"]
[Date "2017.02.11"]
[Round "5.71"]
[White "Moloney, Nicholas R"]
[Black "Hall, John"]
[Result "1-0"]
[WhiteElo "2174"]
[BlackElo "2222"]
[PlyCount "55"]
[EventDate "2017.02.11"]
[WhiteTeam "Fermented Sharks"]
[BlackTeam "Leeds University Old Boys"]

1. e4 c5 2. Nf3 d6 3. Bb5+ Nc6 4. O-O Bd7 5. Re1 Nf6 6. Nc3 Nd4 7. Bxd7+ Nxd7
8. Nxd4 cxd4 9. Ne2 e5 10. c3 d3 11. Ng3 h5 12. Qf3 h4 13. Nf1 Nc5 14. b4 Ne6
15. Qxd3 Qd7 16. Qh3 Qc6 17. d4 exd4 18. cxd4 Nxd4 19. Bb2 Ne6 20. Qb3 Rh5 21.
Rac1 Qd7 22. Ne3 Be7 23. Nd5 Kf8 24. Qh3 Rd8 25. Qe3 h3 26. g3 b5 27. f4 f6 28.
f5 1-0

[Event "4NCL 3 South pool B"]
[Site "Telford, ENG"]
[Date "2017.02.11"]
[Round "5.72"]
[White "Pickard, Charles"]
[Black "Farkas, Daniel"]
[Result "1-0"]
[WhiteElo "2215"]
[BlackElo "2108"]
[PlyCount "87"]
[EventDate "2017.02.11"]
[WhiteTeam "Leeds University Old Boys"]
[BlackTeam "Fermented Sharks"]

1. Nf3 d5 2. d4 Nf6 3. c4 c6 4. cxd5 cxd5 5. Nc3 Nc6 6. Bf4 Bf5 7. e3 e6 8. Be2
Bd6 9. Bxd6 Qxd6 10. O-O O-O 11. Rc1 Rac8 12. Na4 Nd7 13. Nh4 Be4 14. f3 Bg6
15. Nxg6 hxg6 16. f4 Rc7 17. Qd2 Rfc8 18. Nc5 Nxc5 19. dxc5 Qe7 20. b4 d4 21.
e4 d3 22. Bxd3 Rd8 23. a3 Qd7 24. Rfd1 Nd4 25. Qe3 Qe7 26. Bc4 Rcd7 27. Rd3 e5
28. fxe5 Nc6 29. Rxd7 Qxd7 30. Bd5 Nxe5 31. Qg5 Re8 32. Rf1 Re7 33. h3 Qc7 34.
Qe3 Nd7 35. Qg5 Nf6 36. Rxf6 gxf6 37. Qxg6+ Kf8 38. Qxf6 Ke8 39. c6 Qb6+ 40.
Kf1 Rc7 41. Qh8+ Ke7 42. Qe5+ Kf8 43. cxb7 Rc1+ 44. Ke2 1-0

[Event "4NCL 3 South pool B"]
[Site "Telford, ENG"]
[Date "2017.02.11"]
[Round "5.73"]
[White "Okhai, Shabir"]
[Black "Mossong, Hubert"]
[Result "1-0"]
[WhiteElo "2088"]
[BlackElo "2132"]
[PlyCount "101"]
[EventDate "2017.02.11"]
[WhiteTeam "Fermented Sharks"]
[BlackTeam "Leeds University Old Boys"]

1. e4 d6 2. d4 Nf6 3. Nc3 c6 4. Nf3 Bg4 5. h3 Bh5 6. g4 Bg6 7. Qe2 e6 8. h4 h5
9. g5 Nfd7 10. Bh3 Be7 11. O-O d5 12. Bf4 O-O 13. a3 Re8 14. Rfe1 a6 15. Bg3 b5
16. Nd2 Qb6 17. f4 dxe4 18. Bf2 Qc7 19. Ncxe4 Nf8 20. Bg3 Qd8 21. c3 Nbd7 22.
Bg2 Nb6 23. Bf3 Nd5 24. Bxh5 c5 25. dxc5 f5 26. gxf6 Bxf6 27. Nxf6+ Qxf6 28.
Ne4 Qf5 29. Bg4 Qxe4 30. Qxe4 Bxe4 31. Rxe4 Nf6 32. Bf3 Nxe4 33. Bxe4 Rac8 34.
b4 Rc7 35. a4 Nd7 36. axb5 axb5 37. Ra5 Nf6 38. Bg6 Rd8 39. f5 Rc6 40. Bd6 exf5
41. Bxf5 Ne8 42. Be4 Rcc8 43. Be5 Rd1+ 44. Kf2 Nf6 45. Bf3 Rd2+ 46. Ke3 Rd7 47.
c6 Re7 48. Rxb5 Rce8 49. Kd4 Rd8+ 50. Bd5+ Kf8 51. c7 1-0

[Event "4NCL 3 South pool B"]
[Site "Telford, ENG"]
[Date "2017.02.11"]
[Round "5.74"]
[White "Deighton, Simon"]
[Black "Agnew, Alan"]
[Result "0-1"]
[WhiteElo "1990"]
[BlackElo "2090"]
[PlyCount "70"]
[EventDate "2017.02.11"]
[WhiteTeam "Leeds University Old Boys"]
[BlackTeam "Fermented Sharks"]

1. d4 d6 2. e4 Nf6 3. f3 g6 4. c4 Bg7 5. Nc3 O-O 6. Nge2 e5 7. Be3 c6 8. Qd2
Re8 9. O-O-O Qa5 10. Kb1 a6 11. dxe5 dxe5 12. Nd5 Qxd2 13. Nxf6+ Bxf6 14. Rxd2
Be6 15. Nc1 Nd7 16. Be2 Be7 17. Rhd1 Nc5 18. Rc2 a5 19. Nd3 Nxd3 20. Rxd3 f5
21. Rd1 Red8 22. Rxd8+ Bxd8 23. c5 Be7 24. Bc4 Kf7 25. Bxe6+ Kxe6 26. Rc4 a4
27. Kc2 Ra5 28. Kc3 h5 29. h3 f4 30. Bf2 g5 31. Kd3 Bf8 32. Kd2 Be7 33. Rb4 b5
34. Kc2 Ra8 35. a3 Bd8 0-1